Hiroshima's theorem and matrix norm inequalities

In this article, several matrix norm inequalities are proved by making use of Hiroshima's result on majorization relations.

Elmentve itt :
Bibliográfiai részletek
Szerzők: Lin Minghua
Wolkowicz Henry
Dokumentumtípus: Cikk
Megjelent: Bolyai Institute, University of Szeged Szeged 2015
Sorozat:Acta scientiarum mathematicarum 81 No. 1-2
Kulcsszavak:Matematika
Tárgyszavak:
mtmt:http://dx.doi.org/10.14232/actasm-013-821-3
Online Access:http://acta.bibl.u-szeged.hu/35194
LEADER 00967nab a2200241 i 4500
001 acta35194
005 20260224142836.0
008 161017s2015 hu o 000 eng d
022 |a 0001-6969 
024 7 |a http://dx.doi.org/10.14232/actasm-013-821-3  |2 doi 
040 |a SZTE Egyetemi Kiadványok Repozitórium  |b hun 
041 |a eng 
100 1 |a Lin Minghua 
245 1 0 |a Hiroshima's theorem and matrix norm inequalities  |h [elektronikus dokumentum] /  |c  Lin Minghua 
260 |a Bolyai Institute, University of Szeged  |b Szeged  |c 2015 
300 |a 45-53 
490 0 |a Acta scientiarum mathematicarum  |v 81 No. 1-2 
520 3 |a In this article, several matrix norm inequalities are proved by making use of Hiroshima's result on majorization relations. 
650 4 |a Természettudományok 
650 4 |a Matematika 
695 |a Matematika 
700 0 1 |a Wolkowicz Henry  |e aut 
856 4 0 |u http://acta.bibl.u-szeged.hu/35194/1/math_081_numb_001_002_045-053.pdf  |z Dokumentum-elérés